00416nam a2200145 a 450000500170000000800410001702000150005805000210007310000170009424500570011126000490016830000220021765000130023970000180025220140310183345.0070330s19uu xx 00 eng d a0733534945 aPZ 7b.N379 2002 aNeels, Betty aThe engagement effect.cBetty Neels and Liz Fielding aAustralia :bHarlequin Mills & Boons,c2002. a186 p. :c18 cm.  aFiction. aFielding, Liz